000 00766cam a22002174a 4500
020 _a0072994428 (alk. paper)
040 _cDLC
082 0 0 _a658 MCG 2006 A051 Or.
100 1 _aSteiner, George Albert,
245 1 0 _aBusiness, government, and society :
_ba managerial perspective : text and cases /
250 _a11th ed.
260 _aBoston :
_bMcGraw-Hill/Irwin,
_cc2006.
300 _axv, 640 p. :
_bill. ;
_c24 cm.
650 0 _aIndustries
650 0 _aIndustrial policy
700 1 _aSteiner, John F.
856 4 1 _uhttp://www.loc.gov/catdir/enhancements/fy0623/2005041785-t.html
856 4 2 _uhttp://www.loc.gov/catdir/enhancements/fy0632/2005041785-d.html
856 4 2 _uhttp://www.loc.gov/catdir/enhancements/fy0737/2005041785-b.html
942 _cEK
999 _c14685
_d14685